Film dont le titre commence par un U (2) - Statistiques

Statistiques générales
  • Ce quiz a été pris 5 fois
  • Le résultat moyen est 14 sur 30
Statistiques - réponses
Année Réalisateur Genre 1 acteur ou
1 actrice
Titre % Correct
1976 Yves Robert Comédie Guy Bedos Un éléphant ça trompe énormément
100%
1951 Vincente Minnelli Musical Gene Kelly Un américain à Paris
80%
2000 Jean Becker Comédie Jacques Villeret Un crime au paradis
80%
1963 Jean-Pierre Mocky Comédie Francis Blanche Un drôle de paroissien
80%
2008 Francis Huster Comédie Jean-Paul Belmondo Un homme et son chien
80%
1988 Charles Crichton Comédie Jamie Lee Curtis Un poisson nommé Wanda
80%
1955 Mario Camerini Peplum Kirk Douglas Ulysse
60%
2007 Rithy Panh Drame Isabelle Huppert Un barrage contre le Pacifique
60%
1954 George Cukor Musical Judy Garland Une étoile est née
60%
1966 Claude Lelouch Comédie dramatique Jean-Louis Trintignant Un homme et une femme
60%
1962 Henri Verneuil Comédie dramatique Jean Gabin Un singe en hiver
60%
1990 Claude Berri Comédie dramatique Fabrice Luchini Uranus
60%
1956 Robert Bresson Comédie dramatique François Leterrier Un condamné à mort s'est échappé
40%
1962 John Frankenheimer Drame psychologique Frank Sinatra Un crime dans la tête
40%
1936 Christian-Jaque Comédie Fernandel Un de la Légion
40%
1970 Robert Mulligan Comédie dramatique Jennifer O'Neill Un été 42
40%
1980 Alain Cavalier Drame Jean Rochefort Un étrange voyage
40%
1969 Claude Lelouch Comédie dramatique Jean-Paul Belmondo Un homme qui me plait
40%
1977 Claude Berri Comédie Jean-Pierre Marielle Un moment d'égarement
40%
1978 Jacques Deray Drame psychologique Lino Ventura Un papillon sur l'épaule
40%
1980 James Bridge Drame John Travolta Urban cowboy
40%
1944 Maurice Cammage Comédie Fernandel Un chapeau de paille d'Italie
20%
1975 Joseph Losey Drame Glenda Jackson Une anglaise romantique
20%
1975 Stuart Millar Western John Wayne Une bible et un fusil
20%
1940 Raoul Walsh Comédie dramatique Humphrey Bogart Une femme dangereuse
20%
1972 Jean-Louis Trintignant Policier Jacques Dufilho Une journée bien remplie
20%
1943 Richard Thorpe Espionnage Joan Crawford Un espion a disparu
20%
1972 Etienne Perier Policier Jean-Claude Brialy Un meurtre est un meurtre
20%
1998 Frédéric Auburtin Comédie dramatique Gérard Depardieu Un pont entre deux rives
20%
1974 John Sturges Policier John Wayne Un silencieux au bout du canon
20%
Aucun quiz correspondant
Distribution des résultats
% des personnes avec chaque résultat
Percentile par nombre de réponses
Votre historique - résultats
Vous n’avez pas pris ce quiz